All Mega Pokemon - Statistics

General Stats
  • This quiz has been taken 1,013 times
    651 since last reset
  • The average score is 74 of 95
Answer Stats
N0. Type 1 Type 2 Answer % Correct
6 Fire Dragon Mega Charizard X
99%
6 Fire Flying Mega Charizard Y
99%
3 Grass Poison Mega Venusaur
98%
9 Water None Mega Blastoise
97%
15 Bug Poison Mega Beedrill
95%
18 Normal Flying Mega Pidgeot
94%
26 Electric None Mega Raichu X
94%
26 Electric None Mega Raichu Y
94%
149 Dragon Flying Mega Dragonite
93%
94 Ghost Poison Mega Gengar
92%
150 Psychic Fighting Mega Mewtwo X
91%
150 Psychic None Mega Mewtwo Y
91%
65 Psychic None Mega Alakazam
89%
36 Fairy Flying Mega Clefable
89%
154 Grass Fairy Mega Meganium
88%
121 Water Psychic Mega Starmie
87%
257 Fire Fighting Mega Blaziken
86%
260 Water Ground Mega Swampert
86%
142 Rock Flying Mega Aerodactyl
85%
254 Grass Dragon Mega Sceptile
85%
208 Steel Ground Mega Steelix
85%
71 Grass Poison Mega Victreebel
85%
160 Water Dragon Mega Feraligatr
84%
448 Fighting Steel Mega Lucario
83%
448 Fighting Steel Mega Lucario Z
83%
127 Bug Flying Mega Pinsir
83%
212 Bug Steel Mega Scizor
83%
282 Psychic Fairy Mega Gardevoir
82%
214 Bug Fighting Mega Heracross
82%
229 Dark Fire Mega Houndoom
82%
181 Electric Dragon Mega Ampharos
81%
445 Dragon Ground Mega Garchomp
81%
445 Dragon None Mega Garchomp Z
81%
130 Water Dark Mega Gyarados
81%
227 Steel Flying Mega Skarmory
81%
248 Rock Dark Mega Tyranitar
81%
115 Normal Normal Mega Kangaskhan
80%
376 Steel Psychic Mega Metagross
80%
384 Dragon Flying Mega Rayquaza
80%
80 Water Psychic Mega Slowbro
80%
478 Ice Ghost Mega Froslass
79%
362 Ice None Mega Glalie
79%
373 Dragon Flying Mega Salamence
79%
359 Dark None Mega Absol
78%
359 Dark Ghost Mega Absol Z
78%
323 Fire Ground Mega Camerupt
78%
658 Water Dark Mega Greninja
78%
319 Water Dark Mega Sharpedo
78%
306 Steel None Mega Aggron
77%
334 Dragon Fairy Mega Altaria
77%
500 Fire Fighting Mega Emboar
77%
303 Steel Fairy Mega Mawile
77%
308 Fighting Psychic Mega Medicham
77%
475 Psychic Fighting Mega Gallade
76%
380 Dragon Psychic Mega Latias
76%
381 Dragon Psychic Mega Latios
76%
310 Electric None Mega Manectric
76%
383 Ground Fire Primal Groudon
76%
382 Water None Primal Kyogre
76%
460 Grass Ice Mega Abomasnow
74%
354 Ghost None Mega Banette
74%
491 Dark None Mega Darkrai
74%
302 Dark Ghost Mega Sableye
74%
531 Normal Fairy Mega Audino
73%
609 Ghost Fire Mega Chandelure
73%
652 Grass Fighting Mega Chesnaught
73%
655 Fire Psychic Mega Delphox
73%
485 Fire Steel Mega Heatran
73%
428 Normal Fighting Mega Lopunny
72%
998 Ice Dragon Mega Baxcalibur
71%
719 Rock Fairy Mega Diancie
70%
780 Normal Dragon Mega Drampa
70%
701 Fighting Flying Mega Hawlucha
70%
691 Poison Dragon Mega Dragalge
68%
668 Fire Normal Mega Pyroar
68%
545 Bug Poison Mega Scolipede
68%
398 Fighting Flying Mega Staraptor
68%
718 Ground Dragon Mega Zygarde
68%
530 Ground Steel Mega Excadrill
67%
358 Psychic Steel Mega Chimecho
66%
623 Ground Ghost Mega Golurk
66%
687 Dark Psychic Mega Malamar
65%
560 Dark Fighting Mega Scrafty
65%
604 Electric None Mega Eelektross
64%
952 Grass Fire Mega Scovillain
64%
807 Electric None Mega Zeraora
64%
870 Fighting None Mega Falinks
63%
978 Water Dragon Mega Tatsugiri
63%
678 Psychic None Mega Meowstic
62%
740 Fighting Ice Mega Crabominable
61%
670 Fairy None Mega Eternal Floette
61%
689 Rock Fighting Mega Barbaracle
60%
970 Rock Poison Mega Glimmora
60%
801 Steel Fairy Mega Magearna
59%
768 Bug Steel Mega Golisopod
58%
No matching quizzes found
Score Distribution
Percent of People with Each Score
Percentile by Number Answered
Your Score History
You have not taken this quiz since the last reset